Т. 3, № 2; Вестник Национального исследовательского ядерного университета «МИФИ»

Detalles Bibliográficos
Parent link:Вестник Национального исследовательского ядерного университета «МИФИ»: научный журнал. Т. 3, № 2.— , 2014-2017.— 2304-487X
Sumario:Режим доступа: по договору с организацией-держателем ресурса
Lenguaje:ruso
Publicado: 2014
Acceso en línea:https://elibrary.ru/contents.asp?id=33952170
Formato: MixedMaterials Electrónico Libro
KOHA link:https://koha.lib.tpu.ru/cgi-bin/koha/opac-detail.pl?biblionumber=578389

MARC

LEADER 00000nam2a2200000 4500
001 578389
005 20231101130441.0
035 |a (RuTPU)RU\TPU\prd\277961 
035 |a RU\TPU\prd\277960 
090 |a 578389 
100 |a 20180621a20129999k y0rusy50 ca 
101 0 |a rus 
102 |a RU 
181 0 |a i  
182 0 |a b 
200 0 |a Т. 3, № 2  |b Электронный ресурс 
203 |a Текст  |c электронный 
210 |d 2014 
333 |a Режим доступа: по договору с организацией-держателем ресурса 
461 1 |0 (RuTPU)RU\TPU\prd\277959  |x 2304-487X  |t Вестник Национального исследовательского ядерного университета «МИФИ»  |o научный журнал  |v Т. 3, № 2  |d 2014-2017 
801 0 |a RU  |b 63413507  |c 20010227  |g PSBO 
801 1 |a RU  |b 63413507  |c 20160324 
801 2 |a RU  |b 63413507  |c 20180621  |g RCR 
856 4 0 |u https://elibrary.ru/contents.asp?id=33952170 
942 |c BK